000 01119ctm a22002175a 4500
001 L140692
008 071005s1795 xxk eng u
035 _a(Sirsi) u140692
041 0 _aeng
245 0 1 _a[Transcript of] particulars of a valuable freehold estate in the parish of Little Woolston in the county of Bucks...consisting of the Manor of Little Woolston, two farm houses, yards, barns, and other outbuildings two cottages and several pieces of rich old and new inclosed pasture, meadow and arable land...which will be sold by auction by Mr Shaw on Saturday the 7th day of November 1795...at the Swan Inn in Newport Pagnell, Bucks...
_h[manuscript]
250 _aTranscript of original document.
260 _cn.d.
300 _a4 leaves
_bstapled
_c33 x 20 cm.
340 _aTypescript
351 _cSingle item
500 _aAn undated typed transcript of the original sale catalogue.
500 _aSale also included 'One share in the Grand Junction Canal'.
651 4 _aBuckinghamshire
690 _aPROPERTY-PROPERTY ACQUISITION AND DISPOSAL-ACQUISITION AND DISPOSAL AT AUCTION
942 _n0
999 _c116430
_d116430